000 00922nam a2200265 a 4500
001 23661
003 BD-RjUL
005 20211209000945.0
008 140311s1988 enka b 001 0 eng d
020 _a0816012458
020 _a0816015759 pbk
035 _a(BD-RjUL)23726
040 _aBD-RjUL
_beng
_cBD-RjUL
_dBD-RjUL
041 _aeng
082 _a810.321
_219
_bAME
245 0 0 _aAmerican literary almanac from 1608 to the present :
_ban original compendium of facts and anecdotes about literary life in the United States of America /
_cedited by Karen L. Rood
260 _aNew York ;
_aOxford :
_bFacts on File,
_c1988.
300 _a427 p. :
_bill. ;
_c23 cm
504 _aIncludes bibliography and index
650 0 _aAmerican literature
_xHistory and criticism.
_972840
650 0 _aAuthors, American
_xBiography
_952619
700 _aRood, Karen L. (Karen Lane)
_972841
942 _2ddc
_cBK
999 _c23661
_d23661